Tourism :change, impacts, and opportunities. / (Record no. 6541)

MARC details
000 -LEADER
fixed length control field 01296cam a22003374a 4500
001 - CONTROL NUMBER
control field 13997372
003 - CONTROL NUMBER IDENTIFIER
control field OSt
005 - DATE AND TIME OF LATEST TRANSACTION
control field 20210414114558.0
008 - FIXED-LENGTH DATA ELEMENTS--GENERAL INFORMATION
fixed length control field 050609s2006 nyua b 001 0 eng
010 ## - LIBRARY OF CONGRESS CONTROL NUMBER
LC control number 2005050933
020 ## - INTERNATIONAL STANDARD BOOK NUMBER
International Standard Book Number 0130994006 (pbk.)
020 ## - INTERNATIONAL STANDARD BOOK NUMBER
International Standard Book Number 9780130994004 (pbk.)
035 ## - SYSTEM CONTROL NUMBER
System control number (OCoLC)ocm60651178
035 ## - SYSTEM CONTROL NUMBER
System control number (OCoLC)60651178
040 ## - CATALOGING SOURCE
Original cataloging agency DLC
Transcribing agency DLC
Modifying agency YDXCP
-- OCLCQ
-- LVB
-- OCLCG
-- DLC
042 ## - AUTHENTICATION CODE
Authentication code pcc
050 00 - LIBRARY OF CONGRESS CALL NUMBER
Classification number G155.A1
Item number M35 2006
082 00 - DEWEY DECIMAL CLASSIFICATION NUMBER
Classification number 910
Edition number 22
100 1# - MAIN ENTRY--PERSONAL NAME
Personal name Wall, Geoffrey.
245 10 - TITLE STATEMENT
Title Tourism :change, impacts, and opportunities. /
Statement of responsibility, etc. Geoffrey Wall and Alister Mathieson.
250 ## - EDITION STATEMENT
Edition statement 2nd ed.
260 ## - PUBLICATION, DISTRIBUTION, ETC.
Place of publication, distribution, etc. Harlow, England ;
-- New York :
Name of publisher, distributor, etc. Pearson Prentice Hall,
Date of publication, distribution, etc. 2006.
300 ## - PHYSICAL DESCRIPTION
Extent xiii, 412 p. :
Other physical details ill. ;
Dimensions 24 cm.
504 ## - BIBLIOGRAPHY, ETC. NOTE
Bibliography, etc. note Includes bibliographical references (p. 328-389) and index.
505 ## - FORMATTED CONTENTS NOTE
Formatted contents note Contents: Introduction -- Framework -- Understanding change -- Economic consequences -- Environmental consequences -- Social consequences -- Sustainable developments -- Conclusions.
650 #0 - SUBJECT ADDED ENTRY--TOPICAL TERM
Topical term or geographic name entry element Tourism.
700 1# - ADDED ENTRY--PERSONAL NAME
Personal name Mathieson, Alister,
Dates associated with a name 1954-
906 ## - LOCAL DATA ELEMENT F, LDF (RLIN)
a 7
b cbc
c orignew
d 1
e ocip
f 20
g y-gencatlg
942 ## - ADDED ENTRY ELEMENTS (KOHA)
Source of classification or shelving scheme Library of Congress Classification
Koha item type Books
Holdings
Withdrawn status Lost status Source of classification or shelving scheme Damaged status Not for loan Home library Current library Shelving location Date acquired Total Checkouts Full call number Barcode Date last seen Copy number Price effective from Koha item type
    Library of Congress Classification     WISCONSIN INTERNATIONAL UNIVERSITY COLLEGE, GHANA - MAIN LIBRARY WISCONSIN INTERNATIONAL UNIVERSITY COLLEGE, GHANA - MAIN LIBRARY Reference 27/02/2018   G155.A1 M35 2006 7067/84/13 27/02/2018 1 27/02/2018 Books
    Library of Congress Classification     WISCONSIN INTERNATIONAL UNIVERSITY COLLEGE, GHANA - MAIN LIBRARY WISCONSIN INTERNATIONAL UNIVERSITY COLLEGE, GHANA - MAIN LIBRARY Reference 27/02/2018   G155.A1 M351 2006 7319/344/13 27/02/2018 2 27/02/2018 Books
    Library of Congress Classification     WISCONSIN INTERNATIONAL UNIVERSITY COLLEGE, GHANA - MAIN LIBRARY WISCONSIN INTERNATIONAL UNIVERSITY COLLEGE, GHANA - MAIN LIBRARY Reference 27/02/2018   G155.A1 M352 2006 7320/345/13 27/02/2018 3 27/02/2018 Books

If you have any concerns or questions; kindly contact the library


© Powered by WIUC ICT DIRECTORATE